000 00295nam a2200109Ia 4500
008 220204s9999 xx 000 0 und d
082 _a062.744
_bPAR
100 _aParkinson, A C
245 0 _aFoundations of technical drawing, metric and third angle
260 _aLondon
_bELBS
_c1968
942 _cBK
999 _c23660
_d23660